Animaux de l'Aquarium de Lyon (Expert) - Statistiques

Statistiques générales
  • Ce quiz a été pris 9 fois
  • Le résultat moyen est 55 sur 157
Statistiques - réponses
Par images Réponse % Correct
Acanthurus coeruleus
100%
Labroides dimidiatus
100%
Octopus vulgaris
100%
Paracanthurus hepatus
100%
Raja undulata
100%
Salmo trutta
100%
Siganus vulpinus
100%
Silurus glanis
100%
Sparus aurata
100%
Squalius cephalus
100%
Stegostoma tigrinum
100%
Synchiropus splendidus
100%
Zebrasoma flavescens
100%
Aeoliscus strigatus
67%
Arothron nigropunctatus
67%
Astyanax mexicanus
67%
Aurelia aurita
67%
Cheilinus undulatus
67%
Chelmon rostratus
67%
Ctenopharyngodon idella
67%
Dactylopterus volitans
67%
Helostoma temminckii
67%
Himantura uarnak
67%
Kryptopterus minor
67%
Lactoria cornuta
67%
Lepomis gibbosus
67%
Macrocheira kaempferi
67%
Macroramphosus scolopax
67%
Maylandia zebra
67%
Micropterus salmoides
67%
Oxycirrhites typus
67%
Perca fluviatilis
67%
Pygocentrus nattereri
67%
Sarpa salpa
67%
Scyliorhinus canicula
67%
Spicara smaris
67%
Symphorichthys spilurus
67%
Tinca tinca
67%
Trisopterus luscus
67%
Abramis brama
33%
Abudefduf saxatilis
33%
Acanthurus achilles
33%
Acanthurus japonicus
33%
Acanthurus maculiceps
33%
Acanthurus xanthopterus
33%
Acreichthys tomentosus
33%
Ameiurus melas
33%
Anthias anthias
33%
Apogon imberbis
33%
Atractosteus tropicus
33%
Barbatula barbatula
33%
Blicca bjoerkna
33%
Bodianus rufus
33%
Caesio cuning
33%
Calloplesiops altivelis
33%
Canthigaster valentini
33%
Carassius carassius
33%
Centropyge bicolor
33%
Centropyge loriculus
33%
Centropyge multicolor
33%
Chaceon granulatus
33%
Chaetodon auriga
33%
Chaetodon burgessi
33%
Chaetodon lunula
33%
Chaetodon mesoleucos
33%
Chaetodon rafflesii
33%
Choerodon fasciatus
33%
Chromis chromis
33%
Chromis viridis
33%
Chromobotia macracanthus
33%
Chrysiptera talboti
33%
Coris julis
33%
Cromileptes altivelis
33%
Cyprinus carpio
33%
Diodon holacanthus
33%
Epalzeorhynchos kalopterum
33%
Geophagus brasiliensis
33%
Gobio gobio
33%
Gobius cruentatus
33%
Gramma loreto
33%
Gymnocorymbus ternetzi
33%
Gymnothorax favagineus
33%
Haemulon flavolineatum
33%
Heniochus chrysostomus
33%
Holacanthus ciliaris
33%
Holacanthus tricolor
33%
Hoplisoma sterbai
33%
Hypancistrus zebra
33%
Labrus mixtus
33%
Lepisosteus ocelatus
33%
Leucaspius delineatus
33%
Metynnis hypsauchen
33%
Naso lituralus
33%
Neocirrhites armatus
33%
Osteoglossum bicirrhosum
33%
Palinurus elephas
33%
Panaque nigrolineatus
33%
Pentaceros japonicus
33%
Pomacanthus arcuatus
33%
Pomacanthus imperator
33%
Pseudanthias squamipinnis
33%
Pseudocheilinus hexataenia
33%
Pterapogon kauderni
33%
Pygoplites diacanthus
33%
Salvelinus fontinalis
33%
Semaprochilodus taeniurus
33%
Sorubim lima
33%
Sphaerichthys vaillanti
33%
Symphodus melops
33%
Taenianotus triacanthus
33%
Thalassoma pavo
33%
Zebrasoma desjardinii
33%
Acanthurus triostegus
0%
Amphiprion biaculeatus
0%
Amphiprion sandaracinos
0%
Apolemichthys xanthurus
0%
Centropyge fisheri
0%
Centropyge tibicen
0%
Centropyge venusta
0%
Centropyge woodheadi
0%
Chaetodon collare
0%
Chaetodon decussatus
0%
Chaetodon flavirostris
0%
Chaetodon kleinii
0%
Chaetodon melannotus
0%
Chaetodon mitratus
0%
Chaetodontoplus mesoleucus
0%
Chaetodon ulietensis
0%
Chaetodon xanthocephalus
0%
Chelmon marginalis
0%
Chrysiptera parasema
0%
Dascyllus aruanus
0%
Desmopuntius pentazona
0%
Forcipiger flavissimus
0%
Gasteropelecus sternicla
0%
Genicanthus bellus
0%
Genicanthus watanabei
0%
Gephyroberyx japonicus
0%
Gorgasia preclara
0%
Hemigymnus melapterus
0%
Heniochus monoceros
0%
Heteroconger hassi
0%
Hypostomus asperatus
0%
Maja brachydactyla
0%
Naso vlamingii
0%
Nematobrycon palmeri
0%
Pomacanthus annularis
0%
Pomacanthus maculosus
0%
Pomacanthus semicirculatus
0%
Pomacanthus sexstriatus
0%
Rhinecanthus aculeatus
0%
Salarias fasciatus
0%
Serranus scriba
0%
Siganus stellatus
0%
Spicara maena
0%
Zebrasoma scopas
0%
Zebrasoma xanthurum
0%
Aucun quiz correspondant
Distribution des résultats
% des personnes avec chaque résultat
Percentile par nombre de réponses
Votre historique - résultats
Vous n’avez pas pris ce quiz